000 00917nas a2200301 4500
001 BR0300357
003 BR-BrBNA
005 20231205103515.0
007 ta
008 230509b bl.|||p| |||| 00| 00por d
040 _aBR-BrBNA
_bpor
_cBiblioteca Nacional de Agricultura
041 _a(Pt)
072 _aJ10
100 1 _aBorém, F.M.
100 1 _aSilva, R.F. da
100 1 _aHara, T.
100 1 _aMachado, J. da C.
245 1 _aOcorrência de fungos no ar e em sementes de feijão (Phaseolus vulgaris L.)armazenadas em ambientes com equipamento modificador de atmosfera
650 _aFEIJÃO
650 _aGRÃO
650 _aSEMENTE
650 _aFUNGO
650 _aATMOSFERA
650 _aARMAZENAMENTO
773 0 _tCiência e Agrotecnologia (Brazil)
_xISSN 1413-7054
_g(Jan-Mar 2000), v. 24(1) p. 195-202
_wBR0300357
909 _a202311
_bLúcia
_c55
_dLúcia Elande
942 _2AGRIS
_n0
_cANA
999 _c173243
_d173243